000
00324nam a22001337a 4500
008
170929b xxu||||| |||| 00| 0 eng d
020
_a
9781891136016
041
_a
eng
080
_2
3 ED
_a
37
100
_a
47
101
_a
EDU
245
_a
THE WHY WHO OF THE HOW EDOTIRIAL PAGE
_c
RYSTROM.K
942
_2
udc
_c
BK
999
_c
30652
_d
30652